1232 1684 1077 1750 1112 1391 1623 1665 1364 1349 1927 1165 1759 1586 1589 1201 1880 1390 1561 1465 1810 1042 1956 1380 1230 1690 1665 1167 1896 1833 1527 1306 1919 1362 1837 1152 1684 1078 1903 1959 1189 1290 1503 1278 1210 1884 1144 1143 1887 1542 1333 1368 1890 1655 1907 1925 1261 1951 1673 1163 1339 1620 1237 1546 1269 1847 1782 1619 1662 1463 1887 1664 1602 1913 1842 1157 1123 1665 1542 1485 1299 1413 1545 1752 1305 1775 1602 1339 1051 1478 1328 1075 1414 1812 1952 1767 1627 1332 1210 BCNSPRNW ULIB Ver.6.0+V

เปลี่ยนเป็นภาษาไทย

Change to English
 แสดงรายละเอียดบรรณานุกรม
  กลับหน้าหลัก

Brief Record : Get Marc (ISO 2709) : E-mail record : QR code < ปิดหน้าต่าง
LEADER : 00000nam 2200000uu 4500
001    13399114471
003     ULIB
008    120404s2552||||th 000 0 tha d
020    ^a9786119002845
090    ^aนว.^bส655H 2552
100 0  ^aสายลมหนาว
245 00 ^aHelp me My Heart สะกิดรักสลับหัวใจ 1/^cสายลมหนาว
250    ^aพิมพ์ครั้งที่ 1
260    ^aกรุงเทพฯ :^bCHEEZE^c2552
300    ^a171 หน้า
710 1  ^aCHEEZE
945    ^p148^l0^i15947
995    ^aกัณชพร
999    ^aใช้งานได้ทุกระบบ
รายการนี้ยังไม่มีแท็ก
คุณยังไม่ได้ล็อกอิน คุณสามารถมีกิจกรรมร่วมกับเว็บไซต์ได้ แต่ต้องล็อกอินก่อน ::
  ล็อกอิน

รายการสื่อสารสนเทศ

ลำดับที่ ประเภท เลขเรียก/บาร์โค้ด สถานที่ สถานะ
1. นวนิยาย
นวนิยาย
นว. ส655H 2552  
  Barcode: 15947
ห้องสมุดวิทยาเขตสวรรค์ประชารักษ์
►นวนิยาย
บนชั้น
  ขอยืม

รายการใกล้เคียง
    ผู้แต่ง [สายลมหนาว]

BibComment


ยังไม่เคยถูกคอมเมนท์

คอมเมนท์ทรัพยากรรายการนี้
  คอมเมนท์: Help me My Heart..


 Copyright 2026. Bcnsprnw @Library